| 000 | 00484nam a22001097a 4500 | ||
|---|---|---|---|
| 008 | 110623t xxu||||| |||| 00| 0 eng d | ||
| 010 | _aHCCMAF123 | ||
| 245 | _aHigh Court Civil Misc. Appl. No. 69 OF 1998 (Arising from Civil Suit No. 37 of 1987- Bwongyera LC III Court) Rwakatyaba Gideon Vs Anna Kyona | ||
| 260 | _c1998 | ||
| 500 | _aBefore: THE HON. MR. JUSTICE V.F. MUSOKE-KIBUUKA | ||
| 999 |
_c3741 _d3741 |
||